| 000 | 00501 a2200169 4500 | ||
|---|---|---|---|
| 999 |
_c5781 _d5781 |
||
| 020 | _a9789251070222 | ||
| 050 | _aSB123PLA2012 | ||
| 245 |
_aPlant mutation breeding and biotechnology / _cedited by Q Y Shu; Brian P Forster; H Nakagawa |
||
| 264 |
_aWallingford, Oxfordshire: _bFAO, _cC2012 |
||
| 300 | _a608p. : | ||
| 500 | _aincludes index | ||
| 650 | _aPlant biotechnology. | ||
| 650 | _aPlant mutation breeding. | ||
| 700 | _aForster B.P | ||
| 700 | _aNakagawa H | ||
| 942 |
_2lcc _cBK _h123 _iPLA _kSB |
||